000
00215 a2200097 4500
001
28770
100
_a
Foskett, D J
245
_a
Information service in libraries
260
_a
_b
Lockwood
_c
090
_c
19212
_d
19212
942
_a
NUST-CAE
_c
M
_c
10239
999
_c
263843
_d
263843